04086njm a2200517Ia 4500001000600000003000900006005001700015008004100032040001300073040001300086100001100099100001800110100003800128245004400166250001100210260000800221260002400229300001700253300002900270500002400299505026100323511023300584511021300817511023001030511030301260511017701563511018701740511020801927511004502135511018902180511010602369650005902475700006202534700010302596700007702699700009402776700008202870700006902952700009303021700008403114700007703198700006403275700009503339700007403434700006003508F0406IT-RoPAU20220918181113.0131025s9999 xx 000 0 und d aIT-RoPAU cIT-RoPAU aAA.VV. eAutore musica gCodice autore musica SPICS: 12000 aBest of George Benson-The Instrumentals a1a ed. aUSA bWARNER BROS RECORDS aCOMPACT DISC c58 minuti (Testo: pag.) aMusica strumentale. aMy Heart Is Dancing (6:00) - Breezin' (6:00) - Mimosa (7:00) - Dinorah, Dinorah (4:00) - Being With You (4:00) - Valdez In the Country (5:00) - Affirmation (7:00) - Tenderly (4:00) - We All Remember Wes (6:00) - Weekend In L.A. (8:00) - That's Right (5:00) aTratto da "Love Remembers" Benson George: chit; Whalum Kirk: sax; Brecker Randy: flugelhorn; Laws Hubert: fl; James Bob: p; Tee Richard: electric p; Washington Freddie: bass; Hakim Omar: perc; Risenhoover Max: synthesizer, progr aTratto da "Breezin'" Benson George: chit; Dalto Jorge: electric piano solo, clavinet, acousticp; Foster Ronnie: elec p, mini-moog; Upchurch Phil: chit ritmica, basso; Mason Harvey: batt; Macdonald Ralph: perc aTratto da "Collaboration" Benson George: chit elet; Klugh Earl: chit classica; Philinganes Greg: synth; Jackson Paul: chit ritmica; Miller Marcus: bass; Mason Harvey: batt; Da Costa Paulinho: perc; Williams Larry: arr, tromba aTratto da "Give Me the Night" Benson George: chit, scat vocals; Fischer Claire: p acustico, p elettrico; Philinganes Greg: p elettrico; Hancock Herbie: synth; Johnson Louis: bass; Robinson John: batt; Da Costa Paulinho: perc; Hey Jerry: tr; Hutchcroft Kim, Williams Larry: sax, f; Austin Patti: voc aTratto da "In Your Eyes" Benson George: chit; Buchanan Robbie: electric piano; Jackson Paul Jr: chit rit; Jackson Anthony: bass; Vega Carlos: batt; Mardin Arif: string, arr aTratto da "In Flight" Benson George: chit; Dalto Jorge: clavinet e p acust; Foster Ronnie: p elet, mini-moog; Upchurch Phil: chit rit, bass; Mason Harvey: batt; MacDonald Ralph: perc aTratto da "Breezin'" Benson George: chit; Dalto Jorge: p elet, clavinet, p acust; Foster Ronnie: p elet, mini-moog; Upchurch Phil: chit rit; Banks Stanley: bass; Mason Harvey: batt; MacDonald Ralph: perc aTratto da "Tenderly" Benson George: chit aTratto da "Weekend In L.A" Benson George: chit; Dalto Jorge: p acust, tast; Foster Ronnie: tast; Upchurch Phil: chit rit; Banks Stanley: bass; Mason Harvey: batt; MacDonald Ralph: perc aBenson George: chit; Peterson Ricky: tast, organo; Peterson Paul: chit rit, bass; Bland Michael: batt aSTRUMENTALE [COMPACT DISC]eCodice MATERIA SPICS: 9949 aBenson GeorgegCodice interprete SPICS: 16186eInterprete aHakim OmargCodice autore musica SPICS: 50221eAutore musicapMy Heart Is Dancing - Being With You aWomack BobbygCodice autore musica SPICS: 50222eAutore musicapBreezin' aBenson GeorgegCodice autore musica SPICS: 16186eAutore musicapMimosa - Weekend In L.A. aLins IvangCodice autore musica SPICS: 29890eAutore musicapDinorah, Dinorah aMartins V.gCodice autore SPICS: 15592eAutorepDinorah, Dinorah aHathaway DonniegCodice autore musica SPICS: 50223eAutore musicapValdez In the Country aFeliciano JoségCodice autore musica SPICS: 14492eAutore musicapAffirmation aGross WaltergCodice autore musica SPICS: 15709eAutore musicapTenderly aLawrence JackgCodice autore SPICS: 15708eAutorepTenderly aWonder (Stevie) St.gCodice autore musica SPICS: 11163eAutore musicapWe All Remember Wes aWhitegCodice autore musica SPICS: 23106eAutore musicapThat's Right aSmithgCodice autore SPICS: 20145eAutorepThat's Right